[Event "Prague op 22nd"]
[Site "Prague"]
[Date "2024.01.06"]
[Round "3"]
[White "Grave, Jacob Templen"]
[Black "Stursa, Jan"]
[Result "1-0"]
[WhiteElo "2296"]
[BlackElo "2034"]
[PlyCount "75"]
[EventDate "2024.01.05"]
[EventType "swiss"]
[EventRounds "9"]
[EventCountry "CZE"]
[SourceTitle "CB03_2024"]
[SourceDate "2024.01.17"]
[SourceVersion "1"]
[SourceVersionDate "2024.01.17"]
[SourceQuality "1"]

1. d4 Nf6 2. c4 g6 3. Nc3 d5 4. Bg5 Ne4 5. Bh4 Nxc3 6. bxc3 dxc4 7. e3 Be6 8. Nf3 Bg7 9. Be2 0-0 10. 0-0 c5 11. Rb1 Bd5 12. Qc2 f5 13. Nd2 cxd4 14. cxd4 Nd7 15. Bxc4 Nf6 16. Bxf6 Rxf6 17. Rxb7 Rc6 18. Qb3 Bxc4 19. Nxc4 Qd5 20. Rxe7 Bf6 21. Qb7 Rac8 22. Ne5 Bxe7 23. Nxc6 Qxc6 24. Qxe7 a5 25. h4 Qc4 26. Rb1 Qf7 27. Qxf7+ Kxf7 28. Rb5 Rc1+ 29. Kh2 Rc2 30. Rxa5 Rxf2 31. Kg3 Rc2 32. Ra7+ Kf6 33. a4 h6 34. a5 g5 35. hxg5+ hxg5 36. a6 Rc3 37. Kf2 Rc2+ 38. Kg1 1-0

[Event "Mid Bohemia Region-chT 2223"]
[Site "Czech Republic"]
[Date "2023.01.29"]
[Round "7.5"]
[White "Stursa, Jan"]
[Black "Komprda, Pavel"]
[Result "1/2-1/2"]
[WhiteElo "2027"]
[BlackElo "2004"]
[PlyCount "38"]
[EventDate "2022.10.09"]
[EventType "team-tourn"]
[EventRounds "11"]
[EventCountry "CZE"]
[SourceTitle "EXT 2024"]
[Source "ChessBase"]
[SourceDate "2023.10.10"]
[SourceVersion "1"]
[SourceVersionDate "2023.10.10"]
[SourceQuality "1"]
[WhiteTeam "Kralupy nad Vltavou"]
[BlackTeam "Odolena Voda Aero"]
[WhiteTeamCountry "CZE"]
[BlackTeamCountry "CZE"]

1. c4 Nf6 2. g3 c6 3. Bg2 d5 4. Nf3 dxc4 5. Qc2 Nbd7 6. a4 a5 7. Qxc4 Nb6 8. Qc2 g6 9. Nc3 Bg7 10. 0-0 0-0 11. d3 Nbd5 12. Nxd5 Nxd5 13. Bd2 Qd6 14. Bc3 Nb4 15. Qd2 Be6 16. Bxg7 Kxg7 17. Qc3+ f6 18. Rad1 Rfd8 19. Rfe1 Nd5 1/2-1/2

[Event "CZE-chT2B 1415"]
[Site "Czech Republic"]
[Date "2015.03.29"]
[Round "10.4"]
[White "Stursa, Jan"]
[Black "Vanek, Tomas"]
[Result "1/2-1/2"]
[WhiteElo "2085"]
[BlackElo "2230"]
[PlyCount "108"]
[EventDate "2014.11.02"]
[EventType "team-tourn"]
[EventRounds "11"]
[EventCountry "CZE"]
[SourceTitle "EXT 2022"]
[Source "ChessBase"]
[SourceDate "2021.10.06"]
[SourceVersion "1"]
[SourceVersionDate "2021.10.06"]
[SourceQuality "1"]
[WhiteTeam "Bakov nad Jizerou"]
[BlackTeam "Teplice"]
[WhiteTeamCountry "CZE"]
[BlackTeamCountry "CZE"]

1. Nf3 f5 2. g3 Nf6 3. d4 g6 4. c3 Bg7 5. Qb3 e6 6. Bg2 Qe7 7. Ne5 c6 8. 0-0 d6 9. Nd3 e5 10. dxe5 dxe5 11. Be3 Na6 12. Qa3 Qxa3 13. Nxa3 e4 14. Nc5 Nxc5 15. Bxc5 b6 16. Bd4 Ba6 17. c4 0-0-0 18. Bc3 Ne8 19. Bxg7 Nxg7 20. Rfd1 Ne6 21. Kf1 Kc7 22. Ke1 Rxd1+ 23. Rxd1 h5 24. h4 g5 25. hxg5 Nxg5 26. f3 exf3 27. exf3 h4 28. gxh4 Rxh4 29. b3 Nh3 30. Nc2 Nf4 31. Bf1 Bc8 32. Ne3 Rh2 33. Rd2 Rxd2 34. Kxd2 Kd6 35. Nc2 c5 36. Ne1 Ke5 37. Ke3 a5 38. a3 Bb7 39. Nc2 Ne6 40. b4 f4+ 41. Kf2 cxb4 42. axb4 Nd4 43. Ne1 axb4 44. Nd3+ Kd6 45. Nxb4 Nxf3 46. Nd3 Nd2 47. Nxf4 Nxf1 48. Kxf1 Ba6 49. Ke1 Bxc4 50. Kd2 Ke5 51. Ng2 Kd4 52. Kc2 Bf1 53. Nf4 Ke5 54. Ng6+ Kd4 1/2-1/2

[Event "CZE-chT2B 1415"]
[Site "Czech Republic"]
[Date "2015.02.22"]
[Round "8.4"]
[White "Stursa, Jan"]
[Black "Bretsnajdr, Vladimir"]
[Result "1/2-1/2"]
[WhiteElo "2085"]
[BlackElo "2288"]
[PlyCount "92"]
[EventDate "2014.11.02"]
[EventType "team-tourn"]
[EventRounds "11"]
[EventCountry "CZE"]
[SourceTitle "EXT 2022"]
[Source "ChessBase"]
[SourceDate "2021.10.06"]
[SourceVersion "1"]
[SourceVersionDate "2021.10.06"]
[SourceQuality "1"]
[WhiteTeam "Bakov nad Jizerou"]
[BlackTeam "Litomerice"]
[WhiteTeamCountry "CZE"]
[BlackTeamCountry "CZE"]

1. Nf3 g6 2. g3 Bg7 3. d4 Nf6 4. Bg2 0-0 5. c4 d6 6. Nc3 Nbd7 7. 0-0 e5 8. e4 exd4 9. Nxd4 Re8 10. Re1 Nc5 11. h3 a5 12. b3 c6 13. Bf4 Nh5 14. Be3 Nf6 15. f3 Nfd7 16. f4 Qe7 17. Qc2 Nf6 18. Bf2 Qc7 19. Rad1 h5 20. a3 Bd7 21. b4 axb4 22. axb4 Ne6 23. Nf3 Ra3 24. Qd2 Rxc3 25. Qxc3 Nxe4 26. Qc2 Nxf2 27. Qxf2 Bc3 28. Re2 Bxb4 29. Kh1 Bc5 30. Qe1 Ng7 31. Rxe8+ Bxe8 32. Ng5 f6 33. Ne4 Kf7 34. Qc3 Qe7 35. Re1 Ne6 36. Qf3 Bb4 37. Re2 Kg7 38. Qe3 Bf7 39. Rb2 Bc5 40. Nxc5 dxc5 41. Bd5 cxd5 42. cxd5 Qd6 43. dxe6 Qc6+ 44. Kh2 Bxe6 45. Re2 Bf7 46. Qe7 Qd5 1/2-1/2

[Event "Rakovnik Regional-chT 1415"]
[Site "Rakovnik"]
[Date "2014.11.23"]
[Round "3.4"]
[White "Stursa, Jan"]
[Black "Kolasin, Jan"]
[Result "1-0"]
[WhiteElo "2085"]
[BlackElo "2011"]
[PlyCount "55"]
[EventDate "2014.10.19"]
[EventType "team-tourn"]
[EventRounds "11"]
[EventCountry "CZE"]
[SourceTitle "EXT 2016"]
[Source "ChessBase"]
[SourceDate "2015.10.08"]
[SourceVersion "1"]
[SourceVersionDate "2015.10.08"]
[SourceQuality "1"]
[WhiteTeam "Kralupy nad Vltavou"]
[BlackTeam "Ricany II"]
[WhiteTeamCountry "CZE"]
[BlackTeamCountry "CZE"]

1. Nf3 Nf6 2. g3 d5 3. Bg2 Bg4 4. 0-0 e6 5. d3 Nbd7 6. b3 Bd6 7. Bb2 c6 8. Nbd2 Qc7 9. Qe1 0-0-0 10. e4 dxe4 11. dxe4 Ne5 12. Qe3 Kb8 13. Bd4 c5 14. Bxe5 Bxe5 15. Nxe5 Qxe5 16. Nc4 Qd4 17. Qf4+ Ka8 18. c3 Qxc3 19. e5 Rd4 20. Qg5 Nh5 21. Qe7 Bf3 22. Qxc5 Kb8 23. Rac1 Rxc4 24. Qd6+ Ka8 25. Rxc3 Rxc3 26. Bxf3 Rxf3 27. Qd1 Rf5 28. f4 1-0

[Event "CZE-chT rap"]
[Site "Pardubice"]
[Date "2014.07.12"]
[Round "4.5"]
[White "Ringel, Zbynek"]
[Black "Stursa, Jan"]
[Result "1-0"]
[WhiteElo "2275"]
[BlackElo "2100"]
[PlyCount "75"]
[EventDate "2014.07.10"]
[EventType "team-swiss"]
[EventRounds "7"]
[EventCountry "CZE"]
[SourceTitle "CBM 161 Extra"]
[Source "ChessBase"]
[SourceDate "2014.08.29"]
[SourceVersion "1"]
[SourceVersionDate "2014.08.29"]
[SourceQuality "1"]

1. d4 Nf6 2. Nf3 g6 3. c4 Bg7 4. Nc3 d5 5. Bg5 Ne4 6. cxd5 Nxg5 7. Nxg5 e6 8. Qd2 h6 9. Nf3 exd5 10. e3 Bf5 11. Be2 c6 12. 0-0 Nd7 13. Rfc1 0-0 14. b4 a6 15. a4 b5 16. Ra2 Qe7 17. Rca1 Nb6 18. Rb2 Rfb8 19. a5 Nc4 20. Bxc4 dxc4 21. e4 Bg4 22. Ne1 Rd8 23. Nc2 Rd7 24. f3 Be6 25. Rd1 Rad8 26. Qe3 Qg5 27. f4 Qh4 28. Rbb1 Bg4 29. Rd2 h5 30. Rf1 Bh6 31. h3 Be6 32. e5 Bf5 33. Ne4 Bxe4 34. Qxe4 Rc8 35. Rdf2 g5 36. e6 Rd6 37. exf7+ Kg7 38. Qe7 1-0

[Event "CZE-chT rap"]
[Site "Pardubice"]
[Date "2013.07.12"]
[Round "2.2"]
[White "Stursa, Jan"]
[Black "Vokac, Marek"]
[Result "0-1"]
[WhiteElo "2116"]
[BlackElo "2450"]
[PlyCount "66"]
[EventDate "2013.07.11"]
[EventType "team-swiss"]
[EventRounds "7"]
[EventCountry "CZE"]
[SourceTitle "CBM 155 Extra"]
[Source "ChessBase"]
[SourceDate "2013.08.26"]
[SourceVersion "1"]
[SourceVersionDate "2013.08.26"]
[SourceQuality "1"]

1. Nf3 g6 2. g3 Bg7 3. d4 c5 4. Bg2 cxd4 5. Nxd4 Nc6 6. c3 Nf6 7. Nd2 0-0 8. 0-0 Nxd4 9. cxd4 d5 10. Nf3 Bf5 11. Bf4 Qb6 12. b3 Rac8 13. Rc1 Ne4 14. h3 Qa6 15. g4 Be6 16. Re1 Rxc1 17. Qxc1 Qxa2 18. Qc7 Qxb3 19. Qxe7 a5 20. Be5 a4 21. Bxg7 Kxg7 22. Ne5 Qc3 23. Rd1 Qc2 24. Re1 Qd2 25. Nd3 Rc8 26. Kf1 b6 27. Qb7 Nc3 28. Qxb6 Nxe2 29. Nc5 Nxd4 30. Qd6 Rxc5 31. Qxc5 Nc2 32. Rb1 a3 33. Qb5 a2 0-1

[Event "CZE-chT2B 1213"]
[Site "Czech Republic"]
[Date "2013.03.24"]
[Round "11.2"]
[White "Stursa, Jan"]
[Black "Bauma, Jiri"]
[Result "0-1"]
[WhiteElo "2135"]
[BlackElo "2189"]
[PlyCount "104"]
[EventDate "2012.10.14"]
[EventType "team-tourn"]
[EventRounds "11"]
[EventCountry "CZE"]
[SourceTitle "EXT 2015"]
[Source "ChessBase"]
[SourceDate "2014.11.20"]
[SourceVersion "1"]
[SourceVersionDate "2014.11.20"]
[SourceQuality "1"]
[WhiteTeam "Kralupy nad Vltavou"]
[BlackTeam "Praha Dukla"]
[WhiteTeamCountry "CZE"]
[BlackTeamCountry "CZE"]

1. Nf3 f5 2. d4 g6 3. g3 Nh6 4. Bg2 Nf7 5. Nc3 d5 6. h4 c6 7. Bf4 Nd7 8. Ng5 Nf6 9. Nxf7 Kxf7 10. Be5 b6 11. Qd2 Bg7 12. f3 Ba6 13. 0-0-0 Rc8 14. g4 e6 15. h5 Rg8 16. hxg6+ hxg6 17. gxf5 exf5 18. Qf4 c5 19. e4 Nh5 20. Rxh5 Bxe5 21. dxe5 gxh5 22. Qxf5+ Ke8 23. Qe6+ Kf8 24. Bh3 Qg5+ 25. Kb1 Re8 26. Qd6+ Qe7 27. Nxd5 Qxd6 28. exd6 Rg3 29. Bf5 Be2 30. Re1 Rxf3 31. b3 Rf1 32. Rxf1 Bxf1 33. d7 Rd8 34. e5 Bg2 35. Nf4 Bc6 36. e6 Ke7 37. Kb2 Rg8 38. Ng6+ Rxg6 39. Bxg6 h4 40. Bf5 Bg2 41. Kc3 h3 42. Bxh3 Bxh3 43. Kc4 Bxe6+ 44. Kb5 Kxd7 45. Ka6 Kc6 46. Kxa7 b5 47. c3 b4 48. cxb4 cxb4 49. Ka6 Kc5 50. Ka5 Bc8 51. Ka4 Bd7+ 52. Ka5 Bb5 0-1

[Event "CZE-chT2B 1213"]
[Site "Czech Republic"]
[Date "2013.02.17"]
[Round "9.2"]
[White "Stursa, Jan"]
[Black "Gregor, Jiri"]
[Result "1/2-1/2"]
[WhiteElo "2135"]
[BlackElo "2261"]
[PlyCount "86"]
[EventDate "2012.10.14"]
[EventType "team-tourn"]
[EventRounds "11"]
[EventCountry "CZE"]
[SourceTitle "EXT 2015"]
[Source "ChessBase"]
[SourceDate "2014.11.20"]
[SourceVersion "1"]
[SourceVersionDate "2014.11.20"]
[SourceQuality "1"]
[WhiteTeam "Kralupy nad Vltavou"]
[BlackTeam "Neratovice"]
[WhiteTeamCountry "CZE"]
[BlackTeamCountry "CZE"]

1. Nf3 d5 2. g3 Nf6 3. Bg2 e6 4. d4 b5 5. 0-0 Nbd7 6. a4 b4 7. c3 a5 8. c4 Ba6 9. c5 Ne4 10. Re1 Be7 11. Nbd2 f5 12. Nb3 c6 13. Bf4 g5 14. Be3 0-0 15. Qc1 Bf6 16. Nbd2 h6 17. Nxe4 dxe4 18. Nd2 e5 19. dxe5 Nxe5 20. Qc2 Bg7 21. Nb3 f4 22. Bd4 e3 23. fxe3 fxg3 24. hxg3 Qc7 25. Rf1 Rae8 26. Rxf8+ Rxf8 27. Rf1 Rxf1+ 28. Kxf1 Qf7+ 29. Ke1 Ng4 30. Bf3 Ne5 31. Bxe5 Bxe5 32. g4 Qf6 33. Nd4 Bc8 34. Qe4 Bd7 35. b3 Bg3+ 36. Kd2 Kg7 37. Kd3 Kf8 38. Kd2 Be5 39. Kd3 Be8 40. Kd2 Bg6 41. Qxc6 Bxd4 42. exd4 Qxd4+ 43. Ke1 Qg1+ 1/2-1/2

[Event "CZE-chT2B 1213"]
[Site "Czech Republic"]
[Date "2013.02.03"]
[Round "8.2"]
[White "Jacek, Martin"]
[Black "Stursa, Jan"]
[Result "1-0"]
[WhiteElo "2226"]
[BlackElo "2135"]
[PlyCount "143"]
[EventDate "2012.10.14"]
[EventType "team-tourn"]
[EventRounds "11"]
[EventCountry "CZE"]
[SourceTitle "EXT 2015"]
[Source "ChessBase"]
[SourceDate "2014.11.20"]
[SourceVersion "1"]
[SourceVersionDate "2014.11.20"]
[SourceQuality "1"]
[WhiteTeam "Mlada Boleslav"]
[BlackTeam "Kralupy nad Vltavou"]
[WhiteTeamCountry "CZE"]
[BlackTeamCountry "CZE"]

1. e4 c5 2. Nf3 e6 3. c3 d5 4. exd5 Qxd5 5. d4 Nf6 6. Be2 Be7 7. Na3 Qd8 8. Nc2 Nc6 9. 0-0 0-0 10. Be3 Nd5 11. dxc5 Nxe3 12. Nxe3 Bxc5 13. Qc1 Qc7 14. b4 Be7 15. Rd1 b6 16. Nc4 Bf6 17. Nd6 Bd7 18. Nb5 Qc8 19. Ng5 Nxb4 20. Ne4 Nd5 21. Nbd6 Qd8 22. Bf3 Be5 23. Nc4 Bf4 24. Qa3 Qc7 25. Rd4 Bxh2+ 26. Kh1 Be5 27. Nxe5 Qxe5 28. Rad1 Bc6 29. Rc4 Bb5 30. Rcd4 Nf4 31. Nd6 Be2 32. Re4 Qg5 33. Rxe2 Nxe2 34. Bxe2 a5 35. Qb3 Rab8 36. Qc4 Rfd8 37. Qc7 Qf6 38. Bf3 Kf8 39. Rb1 Qe7 40. Qxe7+ Kxe7 41. Nc4 f6 42. Nxb6 Kd6 43. c4 Kc7 44. c5 Rd4 45. Rb3 g5 46. Re3 g4 47. Ba8 e5 48. Rb3 a4 49. Rb5 Rd2 50. Ra5 Rxa2 51. Ra7+ Kd8 52. Bc6 Rd2 53. Rxh7 a3 54. Nd5 Rb1+ 55. Kh2 g3+ 56. Kxg3 Rxd5 57. Bxd5 Rd1 58. Be6 Rc1 59. Ra7 Rxc5 60. Rxa3 Rc7 61. Kf3 Ke7 62. Bf5 Kf7 63. Rd3 Ke7 64. g3 Ra7 65. Rb3 Kd6 66. Rb6+ Ke7 67. Be4 Ra4 68. Bd5 Rd4 69. Bb3 Rd2 70. Ke3 Rb2 71. Re6+ Kd7 72. Bd5 1-0

[Event "CZE-chT2B 1213"]
[Site "Czech Republic"]
[Date "2012.12.16"]
[Round "5.2"]
[White "Stursa, Jan"]
[Black "Pokorny, Petr"]
[Result "1/2-1/2"]
[WhiteElo "2135"]
[BlackElo "2211"]
[PlyCount "81"]
[EventDate "2012.10.14"]
[EventType "team-tourn"]
[EventRounds "11"]
[EventCountry "CZE"]
[SourceTitle "EXT 2015"]
[Source "ChessBase"]
[SourceDate "2014.11.20"]
[SourceVersion "1"]
[SourceVersionDate "2014.11.20"]
[SourceQuality "1"]
[WhiteTeam "Kralupy nad Vltavou"]
[BlackTeam "Postovni sporitelna II"]
[WhiteTeamCountry "CZE"]
[BlackTeamCountry "CZE"]

1. Nf3 f5 2. d4 Nf6 3. c4 e6 4. Bf4 Be7 5. e3 Nh5 6. Bg3 d6 7. Bd3 Nd7 8. d5 Nc5 9. Nd4 g6 10. dxe6 Nxe6 11. Nxf5 Bf6 12. Nc3 Bxc3+ 13. bxc3 Nxg3 14. Nxg3 Nc5 15. 0-0 Qf6 16. Qc2 Be6 17. Ne4 Nxe4 18. Bxe4 c6 19. Rab1 Qf7 20. Rfd1 Rd8 21. Qa4 0-0 22. Rb2 Bxc4 23. Qxa7 d5 24. Bf3 b5 25. Qc5 Qf6 26. Rd4 Ra8 27. h3 Rfd8 28. e4 Qd6 29. Qxd6 Rxd6 30. exd5 cxd5 31. Rbd2 Rxa2 32. Bxd5+ Rxd5 33. Rxd5 Bxd5 34. Rxd5 Rb2 35. Rd7 b4 36. cxb4 Rxb4 37. g3 h5 38. Kg2 Rb3 39. Ra7 Rc3 40. Rb7 Ra3 41. Rc7 1/2-1/2

[Event "CZE-chT2B 1112"]
[Site "Czech Republic"]
[Date "2012.02.19"]
[Round "8.2"]
[White "Stursa, Jan"]
[Black "Cerny, Martin"]
[Result "0-1"]
[WhiteElo "2123"]
[BlackElo "2193"]
[PlyCount "60"]
[EventDate "2011.10.09"]
[EventType "team-tourn"]
[EventRounds "11"]
[EventCountry "CZE"]
[SourceTitle "EXT 2013"]
[Source "ChessBase"]
[SourceDate "2012.11.22"]
[SourceVersion "1"]
[SourceVersionDate "2012.11.22"]
[SourceQuality "1"]
[WhiteTeam "Kralupy nad Vltavou"]
[BlackTeam "Novoborsky"]
[WhiteTeamCountry "CZE"]
[BlackTeamCountry "CZE"]

1. Nf3 Nf6 2. g3 d5 3. Bg2 c6 4. 0-0 Bg4 5. d3 e6 6. b3 Nbd7 7. Bb2 Be7 8. Nbd2 0-0 9. c4 Qa5 10. a3 Qb6 11. b4 Rfe8 12. Rb1 Bf8 13. h3 Bh5 14. Qb3 e5 15. g4 Bg6 16. Nh4 d4 17. Nxg6 hxg6 18. Bc1 Qc7 19. a4 a5 20. b5 Bb4 21. g5 Nc5 22. Qa2 Nh7 23. Ne4 Nf8 24. Bd2 Nxe4 25. Bxe4 Bxd2 26. Qxd2 Nd7 27. Kh2 Nc5 28. Qa2 Rad8 29. Qa3 Qd6 30. Bf3 e4+ 0-1

[Event "CZE-chT2B 1112"]
[Site "Czech Republic"]
[Date "2012.01.08"]
[Round "5.2"]
[White "Cernik, Lukas"]
[Black "Stursa, Jan"]
[Result "1-0"]
[WhiteElo "2199"]
[BlackElo "2123"]
[PlyCount "97"]
[EventDate "2011.10.09"]
[EventType "team-tourn"]
[EventRounds "11"]
[EventCountry "CZE"]
[SourceTitle "EXT 2013"]
[Source "ChessBase"]
[SourceDate "2012.11.22"]
[SourceVersion "1"]
[SourceVersionDate "2012.11.22"]
[SourceQuality "1"]
[WhiteTeam "Neratovice"]
[BlackTeam "Kralupy nad Vltavou"]
[WhiteTeamCountry "CZE"]
[BlackTeamCountry "CZE"]

1. Nc3 d5 2. e4 dxe4 3. Nxe4 Bf5 4. Ng3 Bg6 5. Nf3 h6 6. Ne5 Qd6 7. d4 Nc6 8. Nxg6 Qxg6 9. Bd3 Qe6+ 10. Be4 0-0-0 11. d5 Qd7 12. Be3 Ne5 13. Qd4 Qd6 14. Qxa7 Qa6 15. Bf5+ Nd7 16. Qxa6 bxa6 17. Ne4 Ngf6 18. Nc5 a5 19. c4 Kb8 20. Nb3 Ne5 21. Rc1 e6 22. dxe6 fxe6 23. Bb1 Nfg4 24. Ke2 Nxe3 25. fxe3 a4 26. Nd4 Bb4 27. Be4 c5 28. a3 Ba5 29. b4 cxd4 30. bxa5 d3+ 31. Kd2 Ka7 32. Kc3 d2 33. Rb1 Rd7 34. Rhd1 Rc8 35. Rb4 Rdc7 36. Bd3 Nxd3 37. Kxd3 Rd8+ 38. Kc2 Rcd7 39. Rxa4 Rd3 40. a6 R8d6 41. c5 Rd8 42. c6 Rxe3 43. Rxd2 Rc8 44. Rd7+ Ka8 45. c7 Ka7 46. Rxg7 Re5 47. Kd3 Rc5 48. Rc4 Ra5 49. Rc6 1-0

[Event "CZE-chT2C 0809"]
[Site "Czech Republic"]
[Date "2009.02.22"]
[Round "9.5"]
[White "Stursa, Jan"]
[Black "Vojta, Pavel"]
[Result "0-1"]
[WhiteElo "2160"]
[BlackElo "2160"]
[PlyCount "132"]
[EventDate "2008.10.12"]
[EventType "team-tourn"]
[EventRounds "11"]
[EventCountry "CZE"]
[SourceTitle "EXT 2010"]
[Source "ChessBase"]
[SourceDate "2010.11.25"]
[SourceVersion "1"]
[SourceVersionDate "2010.11.25"]
[SourceQuality "1"]
[WhiteTeam "Vrchlabi"]
[BlackTeam "Ricany"]
[WhiteTeamCountry "CZE"]
[BlackTeamCountry "CZE"]

1. Nf3 d5 2. g3 g6 3. Bg2 Bg7 4. d4 Nf6 5. 0-0 0-0 6. c4 c6 7. cxd5 cxd5 8. Nc3 Nc6 9. Bg5 Ne4 10. Bf4 Bf5 11. Qb3 Na5 12. Qb4 Nxc3 13. bxc3 Be4 14. Nd2 Bxg2 15. Kxg2 b6 16. Nb3 Nc4 17. a4 Rc8 18. a5 e5 19. dxe5 g5 20. Bc1 Bxe5 21. axb6 axb6 22. Nd4 Nd6 23. Ra6 Nc4 24. Qb1 Bxd4 25. cxd4 Qf6 26. Qd3 Rfe8 27. h4 gxh4 28. Rh1 Re4 29. Bf4 hxg3 30. Bxg3 Qxd4 31. Qf3 Qg7 32. Rh5 h6 33. Ra7 Ne5 34. Qf5 Re8 35. Kf1 Ng6 36. e3 d4 37. Ra8 Rxa8 38. Qxe4 Ra1+ 39. Kg2 dxe3 40. Qxe3 Ra5 41. Rxh6 Qf6 42. Qe4 Rg5 43. Kh2 Rf5 44. Kg2 Rxf2+ 45. Bxf2 Qg5+ 46. Kf1 Qxh6 47. Bxb6 Qh3+ 48. Kg1 Qg3+ 49. Qg2 Qe1+ 50. Qf1 Qe4 51. Qf6 Qg4+ 52. Kf1 Nf4 53. Qd8+ Kh7 54. Bf2 Qe2+ 55. Kg1 Nh3+ 56. Kg2 Nxf2 57. Qh4+ Kg6 58. Qxf2 Qxf2+ 59. Kxf2 Kf5 60. Kf3 f6 61. Ke3 Kg4 62. Kf2 Kf4 63. Kg2 Ke3 64. Kg3 f5 65. Kg2 f4 66. Kf1 Kf3 0-1

[Event "CZE-chT2c 0607"]
[Site "Czech Republic"]
[Date "2007.02.25"]
[Round "8.4"]
[White "Stursa, Jan"]
[Black "Rosko, Lubos"]
[Result "1/2-1/2"]
[WhiteElo "2186"]
[BlackElo "2203"]
[PlyCount "120"]
[EventDate "2006.10.15"]
[EventType "team"]
[EventRounds "11"]
[EventCountry "CZE"]
[SourceTitle "EXT 2008"]
[Source "ChessBase"]
[SourceDate "2007.11.25"]
[SourceVersion "1"]
[SourceVersionDate "2007.11.25"]
[SourceQuality "1"]
[WhiteTeam "Vrchlabi"]
[BlackTeam "Hradec Kralove II"]
[WhiteTeamCountry "CZE"]
[BlackTeamCountry "CZE"]

1. d4 Nf6 2. g3 c5 3. d5 d6 4. Bg2 g6 5. e4 Bg7 6. c4 0-0 7. Nc3 e6 8. Nge2 exd5 9. cxd5 Na6 10. Bg5 h6 11. Bf4 Ne8 12. 0-0 Bd7 13. Qd3 Nb4 14. Qd2 Kh7 15. a3 Na6 16. Be3 f5 17. Nf4 Nac7 18. Rad1 Rb8 19. h4 Nf6 20. Ne6 Nxe6 21. dxe6 Bxe6 22. Qxd6 Qxd6 23. Rxd6 Bc4 24. Rfd1 fxe4 25. Bxc5 b6 26. Bd4 Rbe8 27. Bxf6 Rxf6 28. Bxe4 Bb3 29. R1d2 h5 30. f3 Bf7 31. Kg2 Rxd6 32. Rxd6 Re7 33. Nd5 Bxd5 34. Rxd5 Bxb2 35. Rxh5+ Kg7 36. Rg5 Re6 37. h5 Kh6 38. Rb5 Bxa3 39. hxg6 a5 40. g4 Bc5 41. Rb1 Re7 42. Kg3 Kg7 43. g5 a4 44. Rh1 a3 45. Rh7+ Kf8 46. Bd5 Rxh7 47. gxh7 Kg7 48. Bg8 a2 49. Bxa2 Kxh7 50. Bc4 Kg7 51. Kg4 Bd4 52. Kf5 Bc3 53. f4 Bd2 54. Bb5 Bc1 55. Kg4 Bd2 56. f5 Bc3 57. Kf3 Bd2 58. Kg4 Bc3 59. Be8 Kf8 60. Bh5 Kg7 1/2-1/2

[Event "Czechia KP-chTA 0607"]
[Site "Czech Republic"]
[Date "2006.10.29"]
[Round "1.2"]
[White "Stursa, Jan"]
[Black "Hruska, Tomas"]
[Result "0-1"]
[WhiteElo "2176"]
[BlackElo "2084"]
[PlyCount "76"]
[EventDate "2006.10.29"]
[EventType "team"]
[EventRounds "11"]
[EventCountry "CZE"]
[SourceTitle "EXT 2008"]
[Source "ChessBase"]
[SourceDate "2007.11.25"]
[SourceVersion "1"]
[SourceVersionDate "2007.11.25"]
[SourceQuality "1"]
[WhiteTeam "Kralupy nad Vltavou"]
[BlackTeam "Uholicky"]
[WhiteTeamCountry "CZE"]
[BlackTeamCountry "CZE"]

1. Nf3 c5 2. g3 g6 3. Bg2 Bg7 4. c4 Nc6 5. Nc3 e6 6. 0-0 Nge7 7. d4 Nxd4 8. Nxd4 cxd4 9. Nb5 Qb6 10. a4 0-0 11. a5 Qd8 12. Nxd4 d5 13. cxd5 Nxd5 14. Nf3 Bd7 15. Qb3 Bc6 16. Rd1 Qe7 17. Bg5 f6 18. Bd2 Rfd8 19. Nd4 Kh8 20. Rac1 Qe8 21. Nxc6 bxc6 22. e4 Rab8 23. Qc4 Nc7 24. Qxc6 Qxc6 25. Rxc6 Nb5 26. Ra6 Bf8 27. Bf1 Nd4 28. Bc3 Nf3+ 29. Kg2 Rxd1 30. Bxf6+ Bg7 31. Bxg7+ Kxg7 32. Rxa7+ Kf6 33. a6 Ne1+ 34. Kh3 Rxb2 35. f4 g5 36. e5+ Kg6 37. fxg5 Nf3 38. Bc4 Nxg5+ 0-1

[Event "Hradec Kralove Region-chT 0506"]
[Site "Czech Republic"]
[Date "2006.02.19"]
[Round "8.4"]
[White "Stursa, Jan"]
[Black "Hradecky, Ivo"]
[Result "1-0"]
[WhiteElo "2157"]
[BlackElo "2028"]
[PlyCount "83"]
[EventDate "2005.10.23"]
[EventType "team-tourn"]
[EventRounds "11"]
[EventCountry "CZE"]
[SourceTitle "EXT 2024"]
[Source "ChessBase"]
[SourceDate "2023.10.10"]
[SourceVersion "1"]
[SourceVersionDate "2023.10.10"]
[SourceQuality "1"]
[WhiteTeam "Vrchlabi"]
[BlackTeam "Broumov Slovan"]
[WhiteTeamCountry "CZE"]
[BlackTeamCountry "CZE"]

1. e4 c5 2. Nf3 e6 3. d4 cxd4 4. Nxd4 a6 5. Be2 Nf6 6. Nc3 Qc7 7. 0-0 Nc6 8. Be3 Bb4 9. Bd3 Ne5 10. Bf4 d6 11. Nde2 Bd7 12. Bg5 Rc8 13. a3 Bc5 14. Qd2 h6 15. Bxf6 gxf6 16. Ng3 h5 17. Qf4 Qd8 18. Be2 Ng6 19. Qd2 h4 20. Nh5 b5 21. h3 Ke7 22. Kh1 Qb6 23. f4 Be3 24. Qe1 Rxh5 25. Bxh5 Bxf4 26. Bxg6 Bg3 27. Qd2 fxg6 28. Qh6 Rf8 29. Qxg6 Bc6 30. Ne2 Be5 31. Nf4 Bxf4 32. Rxf4 Qe3 33. Raf1 Qg3 34. Rg4 Qe5 35. Rxh4 Rf7 36. c3 f5 37. exf5 exf5 38. Qg5+ Kd7 39. Qf4 Qe4 40. Qf2 f4 41. Rg4 Qd3 42. Qa7+ 1-0

[Event "CZE-chT3A Middle 0506  "]
[Site "Czech Republic"]
[Date "2006.01.22"]
[Round "6.2"]
[White "Jacek, Miloslav"]
[Black "Stursa, Jan"]
[Result "0-1"]
[WhiteElo "2104"]
[BlackElo "2142"]
[PlyCount "112"]
[EventDate "2005.10.30"]
[EventType "team"]
[EventRounds "11"]
[EventCountry "CZE"]
[SourceTitle "EXT 2009"]
[Source "ChessBase"]
[SourceDate "2008.11.26"]
[SourceVersion "1"]
[SourceVersionDate "2008.11.26"]
[SourceQuality "1"]

1. e4 c5 2. f4 Nc6 3. Nf3 e6 4. Nc3 a6 5. a4 d5 6. g3 dxe4 7. Nxe4 Nf6 8. Nxf6+ Qxf6 9. Bg2 Be7 10. 0-0 0-0 11. Qe2 Rb8 12. Ne5 Nd4 13. Qd1 Bd6 14. Re1 Rd8 15. b3 Bxe5 16. fxe5 Qe7 17. d3 b6 18. Bf4 Bb7 19. Be4 Bxe4 20. Rxe4 Qb7 21. Rc1 b5 22. axb5 axb5 23. Bg5 Rd7 24. Qh5 c4 25. bxc4 bxc4 26. Rf1 cxd3 27. Rh4 h6 28. Bxh6 g6 29. Qg4 Nf5 30. Bg5 Qb6+ 31. Kg2 Ne3+ 32. Bxe3 Qxe3 33. cxd3 Rb2+ 34. Kh1 Qxe5 35. Qf3 Qd5 36. Rf4 Qxf3+ 37. R4xf3 Rd2 38. Rb1 R2xd3 39. Rxd3 Rxd3 40. Rb2 Kg7 41. Kg2 f5 42. Kf2 Kf6 43. Re2 g5 44. Rb2 f4 45. Rb6 Kf5 46. Rb5+ e5 47. g4+ Kxg4 48. Rxe5 Rd2+ 49. Kg1 f3 50. h3+ Kxh3 51. Rxg5 Rg2+ 52. Kh1 Ra2 53. Kg1 Rg2+ 54. Kh1 Rg4 55. Rh5+ Rh4 56. Ra5 Kg3+ 0-1